| 000 | 00906cam a22003013a 4500 | ||
|---|---|---|---|
| 001 | 9023 | ||
| 003 | PGUSA | ||
| 005 | 20140828083207.0 | ||
| 008 | 050901s2005||||xxu|||||s|||||000 1 eng d | ||
| 040 |
_aPGUSA _beng |
||
| 042 | _adc | ||
| 050 | 4 | _aPS | |
| 100 | 1 |
_aWarner, Charles Dudley, _d1829-1900 |
|
| 245 | 1 | 4 |
_aThe Gilded Age _h[electronic resource] / _cCharles Dudley Warner |
| 260 |
_bProject Gutenberg, _c2005 |
||
| 506 | _aCopyrighted. Read the copyright notice inside this book for details. | ||
| 516 | _aElectronic text | ||
| 653 | _aPolitical fiction | ||
| 653 | _aSatire | ||
| 653 | _aSpeculation -- Fiction | ||
| 653 | _aWashington (D.C.) -- Fiction | ||
| 653 | _aBusinessmen -- Fiction | ||
| 653 | _aPolitical corruption -- Fiction | ||
| 653 | _aLegislators -- Fiction | ||
| 830 | 0 |
_aProject Gutenberg _v9023 |
|
| 856 | 4 | 0 | _uhttp://www.gutenberg.org/ebooks/9023 |
| 942 | _cAB | ||
| 999 |
_c238307 _d238307 |
||